| 000 | 01386pam a2200277 i 4500 | ||
|---|---|---|---|
| 999 |
_c1025 _d1025 |
||
| 001 | 021434887 | ||
| 003 | UkOxU | ||
| 005 | 20200313124418.0 | ||
| 008 | 190219s2018 enk 000|0aeng|d | ||
| 020 |
_a9781984854858 _qpaperback |
||
| 040 |
_aUkOxU _beng _erda _cUkOxU |
||
| 082 | _a371 WES | ||
| 100 | 1 |
_aWestover, Tara, _eauthor. |
|
| 245 | 1 | 0 |
_aEducated / _cTara Westover. |
| 264 | 1 |
_aLondon : _bWindmill Books, _c2018. |
|
| 264 | 4 | _c©2018 | |
| 300 |
_axiii, 392 pages ; _c20 cm |
||
| 336 |
_atext _2rdacontent |
||
| 337 |
_aunmediated _2rdamedia |
||
| 338 |
_avolume _2rdacarrier |
||
| 520 | _aBorn to survivalists in the mountains of Idaho, Tara Westover was seventeen the first time she set foot in a classroom. Her family was so isolated from mainstream society that there was no one to ensure the children received an education, and no one to intervene when one of Tara's older brothers became violent. When another brother got himself into college, Tara decided to try a new kind of life. Her quest for knowledge transformed her, taking her over oceans and across continents, to Harvard and to Cambridge University. Only then would she wonder if she'd traveled too far, if there was still a way home. | ||
| 650 | 0 |
_aStudents _zUnited States _vBiography. |
|
| 650 | 0 |
_aSurvivalism _zUnited States. |
|
| 650 | 0 |
_aEx-cultists _zUnited States _vBiography. |
|
| 942 |
_2ddc _cNFIC |
||